LEADER 03550nam 2200601Ia 450 001 9910830994703321 005 20170815170042.0 010 $a1-282-68281-4 010 $a9786612682810 010 $a3-527-62958-0 010 $a3-527-62959-9 035 $a(CKB)2550000000006848 035 $a(EBL)481246 035 $a(OCoLC)587380638 035 $a(SSID)ssj0000356857 035 $a(PQKBManifestationID)11269912 035 $a(PQKBTitleCode)TC0000356857 035 $a(PQKBWorkID)10350096 035 $a(PQKB)10581696 035 $a(MiAaPQ)EBC481246 035 $a(NjHacI)992550000000006848 035 $a(PPN)164070117 035 $a(EXLCZ)992550000000006848 100 $a20040521d2010 uy 0 101 0 $aeng 135 $aur|n|---||||| 181 $ctxt 182 $cc 183 $acr 200 00$aAtherosclerosis$b[electronic resource] $emolecular and cellular mechanisms /$fedited by Sarah Jane George and Jason Johnson 210 $aWeinheim $cWiley-VCH Verlag GmbH & Co.$d2010 215 $a1 online resource (422 p.) 300 $aDescription based upon print version of record. 311 $a3-527-32448-8 320 $aIncludes bibliographical references and index. 327 $aAtherosclerosis: Molecular and Cellular Mechanisms; Contents; Preface; List of Contributors; PART I: Introduction; 1: Pathogenesis of Atherosclerosis; PART II: PRO-Inflammatory Factors; 2: Chemokines and Atherosclerosis: A Critical Assessment of Therapeutic Targets; 3: Adhesion Molecules and Atherosclerosis; 4: Cytokines and Atherosclerosis; 5: Toll-Like Receptors in Atherosclerosis; 6: PPAR-Based Therapies for the Management of Atherosclerosis; 7: Pentraxins in Vascular Pathology: The Role of PTX3; PART III: Proteases; 8: Metalloproteinases, the Endothelium, and Atherosclerosis 327 $a9: Cathepsins in Atherosclerosis10: The Plasmin System and Atherosclerosis; 11: Mast Cell Proteases and Atherosclerosis; PART IV: Hyperlipidemia; 12: Macrophage Foam Cell Formation: The Pathways to Cholesterol Engorgement; PART V: Oxidative Stress; 13: NADPH Oxidase and Atherosclerosis; 14: Uncoupling of Endothelial Nitric Oxide Synthase in Atherosclerosis; 15: Heme Oxygenase-1 and Atherosclerosis; PART VI: Cell Growth and Phenotype; 16: Phenotypic Heterogeneity of Smooth Muscle Cells-Implications for Atherosclerosis 327 $a17: Platelets: Their Role in Atherogenesis and Thrombosis in Coronary Artery Disease18: Modulators of Monocyte and Macrophage Phenotypes in Atherosclerosis; Index 330 $aWith atherosclerosis being the number one cause of death in the western world, this handbook and ready reference provides a comprehensive account of the different stages and factors in the development of the atherosclerotic plaque. Each chapter is written by experts in the field and highlights the role of specific mediators of atherosclerotic plaque development, as well as potential therapeutic targets. A large amount of this up-to-date information is conveyed by way of tables and schematic figures, in a readily comprehensible manner. A must-have for master and PhD students, researcher 606 $aAtherosclerosis 606 $aArteries$xDiseases 615 0$aAtherosclerosis. 615 0$aArteries$xDiseases. 676 $a616.136 702 $aGeorge$b Sarah Jane 702 $aJohnson$b Jason 801 0$bMiAaPQ 801 1$bMiAaPQ 801 2$bMiAaPQ 906 $aBOOK 912 $a9910830994703321 996 $aAtherosclerosis$9729078 997 $aUNINA LEADER 02169oas 2200829 a 450 001 9910625188203321 005 20251105213014.0 011 $a1941-0468 035 $a(OCoLC)56553105 035 $a(CONSER) 2004252708 035 $a(CKB)1000000000017124 035 $a(EXLCZ)991000000000017124 100 $a20040921a20049999 sy a 101 0 $aeng 135 $aurcnu|||||||| 181 $ctxt$2rdacontent 182 $cc$2rdamedia 183 $acr$2rdacarrier 200 10$aIEEE transactions on robotics $ea publication of the IEEE Robotics and Automation Society 210 $aNew York $cInstitute of Electrical and Electronics Engineers$dİ2004- 300 $aRefereed/Peer-reviewed 300 $aTitle from PDF caption (viewed Sept. 21, 2004). 311 08$a1552-3098 517 3 $aInstitute of Electrical and Electronics Engineers transactions on robotics 517 3 $aRobotics 517 1 $aT-RO 531 0 $aIEEE trans. robot. 606 $aRobotics$vPeriodicals 606 $aRobotique$vPe?riodiques 606 $aRobotics$2fast$3(OCoLC)fst01098997 606 $aAutomatisation$2rasuqam 606 $aRobot$2rasuqam 606 $aRobotique$2rasuqam 608 $aPeriodicals.$2fast 615 0$aRobotics 615 6$aRobotique 615 7$aRobotics. 615 7$aAutomatisation. 615 7$aRobot. 615 17$aRobotique. 676 $a629.8 712 02$aInstitute of Electrical and Electronics Engineers 712 02$aIEEE Robotics and Automation Society 801 0$bWAU 801 1$bWAU 801 2$bOCLCQ 801 2$bRBN 801 2$bOCL 801 2$bQCL 801 2$bOCLCQ 801 2$bUQ1 801 2$bNSD 801 2$bOCLCQ 801 2$bOCLCF 801 2$bOCLCQ 801 2$bOCLCO 801 2$bOCLCA 801 2$bAU@ 801 2$bVT2 801 2$bDLC 801 2$bOCLCQ 801 2$bUAB 801 2$bOCLCL 801 2$bPMU 801 2$bOCLCL 801 2$bADU 801 2$bS2H 801 2$bOCLCQ 906 $aJOURNAL 912 $a9910625188203321 996 $aIEEE transactions on robotics$92580218 997 $aUNINA